01105cam a2200241 a 450000100100000000500170001000800410002702000150006803500250008304000230010808200200013110000360015124501490018726000850033630000280042149000640044950400740051365000740058765100680066170000310072970000380076083000650079800001445020200929163843.0010719s2000 ck a b 000 0 spa  a9589684254 a(BoCbEI)ei 010200740 aDO-SdBNPcDLCdDLC a986.1062bA473p1 aÁlvarez Llanos, Jaime,d1962-10aPrensa, desarrollo urbano y política en Barranquilla, 1880-1930 /cJaime Álvarez Llanos, Jaime Colpas Gutiérrez, Ever González Chamorro. aBarranquilla :bFondo de Publicaciones de la Universidad del Atlántico,c2000. a189 p. :bil. ;c24 cm.1 aCiencias económicas y sociales Rodrigo Noguera Barreneche aIncluye referencias bibliográficas y notas al pie de las páginas. 4aGobierno y prensazBarranquilla (Colombia{Rpara}xHistoriay1880-1930 4aBarranquilla (Colombia{Rpara}xPolítica Y Gobiernoy1880-19301 aColpas Gutiérrez, Jaime.1 aGonzález Chamorro, Ever,d1964- 0aCiencias económicas y sociales Rodrigo Noguera Barreneche.